000
00317nam a22001337a 4500
008
170614b xxu||||| |||| 00| 0 eng d
020
_a
9780385510240
041
_a
eng
080
_a
32
100
_a
19
101
_a
SHP
245
_a
END OF THE LINE THE R5ISE AND COMING FALL
_c
LYNN.B.C
942
_2
udc
_c
BK
999
_c
17373
_d
17373